Narrativa completa (Registro nro. 74614)

Detalles MARC
000 -ENCABEZADO
Número de control [NR] 00911nam a2200265Ia 4500
008 - DE LONGITUD FIJA DE DATOS DE ELEMENTOS - INFORMACIÓN GENERAL
Elementos de longitud fija [NR] 130821s1993 sp gr spa
020 ## - NUMERO INTERNACIONAL NORMALIZADO PARA LIBROS [R]
Número Internacional Normalizado del libro [NR] 84 206 0614 6
Términos de disponibilidad [NR] Volumen 5
--
020 ## - NUMERO INTERNACIONAL NORMALIZADO PARA LIBROS [R]
Número Internacional Normalizado del libro [NR] 84 206 9827 X
Términos de disponibilidad [NR] Obra Completa
--
040 ## - FUENTE DE CATALOGACION [NR]
Agencia de catalogación original [NR] Co-BoUCM
Idioma de catalogación [NR] spa
041 00 - CODIGO DE IDIOMA [R]
Código de idioma para texto/pista de sonido o título separado [R] Español
100 1# - ASIENTO PRINCIPAL--NOMBRE PERSONAL [NR]
Nombre personal [NR] Brecht, Bertolt
ID Autoridad 1210
245 10 - MENCION DE TITULO [NR]
Título [NR] Narrativa completa
Mención de responsabilidad, etc. [NR] Bertolt Brecht ; traducción de Juan del Solar
260 ## - PUBLICACION, DISTRIBUCION, ETC. (PIE DE IMPRENTA) [R]
Lugar de publicación, distribución, etc. [R] Madrid (España)
Nombre del editor, distribuidor, etc. [R] Alianza Editorial
Fecha de publicación, distribución, etc. [R] 1993
300 ## - DESCRIPCION FISICA [R]
Extensión [R] 463 páginas (v. 5)
490 #0 - MENCION DE SERIE [R]
Mención de serie [R] Narrativa completa.
Designación numérica/secuencial del volumen [NR] 5
Mención de serie [R] Sección Literatura
500 ## - NOTA GENERAL [R]
Nota general [NR] Incluye índice.
505 ## - NOTA DE CONTENIDO CON FORMATO PREESTABLECIDO [R]
Información miscelánea [R] V.5
State manifest and birth record (1764-1977). La novela de cuatro cuartos.
650 ## - ASIENTO SECUNDARIO DE MATERIA - TERMINO TEMATICO [R]
Término temático o nombre geográfico como elemento de entrada [NR] Literatura alemana
9 (RLIN) 18601
650 ## - ASIENTO SECUNDARIO DE MATERIA - TERMINO TEMATICO [R]
Término temático o nombre geográfico como elemento de entrada [NR] Literatura europea
9 (RLIN) 26524
650 ## - ASIENTO SECUNDARIO DE MATERIA - TERMINO TEMATICO [R]
Término temático o nombre geográfico como elemento de entrada [NR] Novela alemana
9 (RLIN) 20461
700 1# - ASIENTO SECUNDARIO - NOMBRE PERSONAL [R]
Nombre personal [NR] Solar, Juan del
Término de relación [R]
9 (RLIN) 149391
765 0# - ASIENTO DE IDIOMA ORIGINAL [R]
Título [NR] Dreigroschenroman
942 ## - ELEMENTOS DE ENTRADA AGREGADOS (KOHA)
Tipo de ítem principal el descrito en 300a Libro
Tema principal Literatura
Edición 1
Parte restante de la signatura top. B829n
Sistema de clasificación DEWEY
Clasificación 833.912
Existencias
Fecha de último préstamo Total préstamos Total Renewals Signatura topográfica Código de barras Última vez visto Volúmen / Fascículo Ejemplar Price effective from Tipo de ítem Perdido Sistema de clasificación Dañado No prestable Tipo de ítem específico Suprimido Ubicación habitual Ubicación actual Localización Fecha de creación Forma de adquisición Costo
06/03/2015 2 3 833.912 B829n 100117983 25/03/2025 V.5 Ej.1 03/02/2013 Libro   DEWEY     Libro   Sede del emprendimiento y la innovación Sede del Emprendimiento, Innovación y Creación 1er piso 28/02/2013 Donación 26000.00